[Event "Top 12 FRA-chT 2017"]
[Site "Chartres"]
[Date "2017.05.22"]
[Round "5"]
[White "Malakhov, Vladimir"]
[Black "Kuzubov, Yuriy"]
[Result "1/2-1/2"]
[WhiteElo "2712"]
[BlackElo "2637"]
[Annotator "TA"]
[PlyCount "99"]
[EventDate "2017.??.??"]
[EventType "team-tourn"]
[EventCountry "FRA"]
[SourceTitle "playchess.com"]
[Source "ChessBase"]
[SourceQuality "1"]
[WhiteTeam "Tremblay-En-France"]
[BlackTeam "Grasse Echecs"]

{[%evp 15,99,8,12,10,19,23,26,29,20,13,23,38,36,22,49,33,33,15,16,15,15,20,19,14,13,13,21,20,14,32,23,0,13,0,30,25,28,24,35,11,20,10,8,14,10,-10,0,0,4,0,14,0,2,3,10,14,36,36,112,0,0,0,0,0,1,0,0,0,0,0,0,0,0,0,0,0,0,0,0,0,0,0,0,0,0,0]} 1. Nf3 c5 2. e4 d6 3. d4 cxd4 4. Nxd4 Nf6 5. Nc3 a6 6. g3 e5 7. Nde2 Be7 8. Bg2 b5 9. Nd5 {B91: Sicilian Najdorf: 6 g3} Nbd7 10. Nec3 Bb7 11. a4 {White has an edge.} Nxd5 12. Nxd5 Nf6 $146 ({Predecessor:} 12... O-O 13. axb5 axb5 14. Rxa8 Bxa8 15. O-O Nf6 16. Nxe7+ Qxe7 {½-½ (40) Malakhov,V (2703)-Yakovich,Y (2521) Sochi 2016}) 13. Nxe7 Qxe7 14. axb5 axb5 15. Rxa8+ Bxa8 16. Bg5 O-O 17. O-O h6 18. Bxf6 Qxf6 19. Qd3 Bc6 20. Rd1 Rd8 21. Qc3 Rc8 22. Qb4 Rd8 23. Qc3 Rc8 $1 24. Qb4 Rd8 25. Qa5 Qe7 26. Qb6 Rc8 27. Bh3 Qd8 28. Qa6 Rc7 29. Bg2 Qd7 30. h4 Ra7 31. Qb6 $36 {[%mdl 2048] Black is under pressure.} Rb7 32. Qa5 Ra7 33. Qb6 Rb7 34. Qe3 Ra7 35. Qd3 Ra4 (35... Ra2 $5 {[%cal Ra2b2]}) 36. c3 Qg4 (36... Kf8 $14) 37. Bf3 (37. Qxd6 $16 {Black must now prevent f3.} Bxe4 38. Re1) 37... Bxe4 $11 {The position is equal.} 38. Bxg4 Bxd3 39. Rxd3 {[#] Strongly threatening Bd7.} Rxg4 40. Rxd6 {[%mdl 4096] Endgame KR-KR} b4 41. Rd8+ Kh7 42. Rc8 bxc3 43. bxc3 Ra4 44. c4 Kg6 45. c5 Kf6 46. c6 Rc4 47. Kg2 Ke7 48. h5 Kd6 49. Rf8 Ke7 ({Don't play} 49... Rxc6 $6 50. Rxf7 e4 51. Rxg7 $16) 50. Rc8 {Precision: White = 71%, Black = 74%.} 1/2-1/2

[Event "Top 12 FRA-chT 2017"]
[Site "Chartres"]
[Date "2017.05.22"]
[Round "5"]
[White "Naiditsch, Arkadij"]
[Black "Brunner, Nicolas"]
[Result "1-0"]
[WhiteElo "2700"]
[BlackElo "2459"]
[Annotator "TA"]
[PlyCount "49"]
[EventDate "2017.??.??"]
[EventType "team-tourn"]
[EventCountry "FRA"]
[SourceTitle "playchess.com"]
[Source "ChessBase"]
[SourceQuality "1"]
[WhiteTeam "Bischwiller"]
[BlackTeam "Vandoeuvre"]

{[%evp 15,49,5,14,12,21,16,19,0,0,0,35,32,41,42,37,19,32,-38,-43,-54,79,63,246,256,277,246,264,167,136,115,263,255,876,904,29996,29997]} 1. e4 e5 2. Nf3 Nc6 3. Nc3 Nf6 4. Bb5 Bb4 5. O-O O-O 6. d3 Bxc3 7. bxc3 d6 8. h3 Qe7 {LiveBook: 4 Games. C49: Four Knights: 4 Bb5 Bb4} (8... Ne7 9. Re1 a6 10. Bc4 b5 11. Bb3 c5 12. Bg5 Ng6 13. Bd5 Rb8 14. a4 h6 15. Bxf6 Qxf6 16. axb5 axb5 17. Nh2 {0-1 (33) Andreikin,D (2720)-Carlsen,M (2850) Berlin 2015}) 9. Re1 a6 10. Bxc6 $146 ({Predecessor:} 10. Bc4 Na5 11. Bb3 c5 12. Bd5 Nxd5 13. exd5 f6 14. c4 b5 15. Bd2 Qc7 16. Bxa5 Qxa5 {0-1 (68) Koenig,I-Fuller,J Hastings 1949}) 10... bxc6 {The position is equal.} 11. d4 a5 12. c4 exd4 (12... c5 $5 {[%cal Rc5d4]}) 13. Nxd4 c5 14. Nb5 Be6 15. Qd3 Nd7 16. Qg3 (16. Nxc7 $14 Ne5 17. Nd5 Bxd5 18. Qxd5) 16... Ne5 $1 $15 17. f4 {[%cal Bf2f4,Bf4f5,Bf5f6][%mdl 32]} Nxc4 (17... Nc6 $1 $15 {stays ahead.}) 18. f5 $16 Bc8 $2 (18... c6 $1 $14) 19. Nxc7 $1 $18 Qxc7 20. f6 $1 {[%csl Gf6][%cal Rg3g7]} g6 {Threatens to win with ...Re8.} 21. Qg5 $1 {[%cal Rg5h6] Intending Qh6 and mate.} Kh8 {And now ...Bb7 would win.} ({Avoid the trap} 21... Qd8 $2 22. Rf1 $18) 22. Rf1 $1 $40 {[%cal Rf1f4][%mdl 1152] White has strong compensation. White wants a kill.} d5 {[#]} (22... Ne5 $16 {is a better defense.}) 23. Rf4 $1 {Qh6 would kill now.} Qe5 $2 {[#]} (23... Bg4) 24. Qh6 $1 {[%cal Rh6f8]} Qd4+ 25. Kh2 {Precision: White = 79%, Black = 27%.} 1-0

[Event "Top 12 FRA-chT 2017"]
[Site "Chartres"]
[Date "2017.05.22"]
[Round "5"]
[White "Areshchenko, Alexander"]
[Black "Jobava, Baadur"]
[Result "0-1"]
[WhiteElo "2677"]
[BlackElo "2713"]
[Annotator "TA"]
[PlyCount "80"]
[EventDate "2017.??.??"]
[EventType "team-tourn"]
[EventCountry "FRA"]
[SourceTitle "playchess.com"]
[Source "ChessBase"]
[SourceQuality "1"]
[WhiteTeam "Grasse Echecs"]
[BlackTeam "Tremblay-En-France"]

{[%evp 12,80,50,47,81,56,77,76,79,46,54,58,72,64,122,87,130,83,81,81,168,72,107,108,131,160,160,140,250,166,163,143,168,145,113,86,84,78,81,111,104,78,95,59,77,64,99,17,12,0,0,-102,-108,-104,-97,-302,-295,-284,-288,-297,-192,-716,-739,-743,-742,-735,-733,-700,-702,-666,-644]} 1. e4 e6 2. d4 d5 3. Nc3 dxe4 4. Nxe4 Bd7 5. Nf3 Bc6 6. Bd3 Nd7 7. c3 Ndf6 $146 {C10: French with 3 Nc3: Unusual Black 3rd moves and 3...dxe4} ({Predecessor:} 7... Ngf6 8. Nxf6+ Nxf6 9. Bf4 Bxf3 10. Qxf3 c6 11. O-O Bd6 12. Be5 Bxe5 13. dxe5 Nd7 14. Qg3 g6 15. Rfe1 Qb6 {½-½ (50) Alsina Leal,D (2533)-Rakhmanov,A (2670) Barcelona 2017}) 8. Nxf6+ (8. Ned2 {feels hotter.} Bd6 9. O-O Ne7 10. Nc4 Be4 11. Bxe4 Nxe4 12. Re1) 8... gxf6 9. O-O Ne7 {White is better.} 10. c4 Qd7 11. Be3 Bg7 12. Qe2 $36 {[%mdl 2048] White has the initiative.} O-O ({Black should try} 12... O-O-O $14) 13. Rad1 Rfe8 14. h4 {[%cal Bh2h4,Bh4h5][%mdl 32]} Rad8 15. h5 Qc8 (15... b6 $16) 16. Bb1 (16. h6 $18 {and White stays clearly on top.} Bh8 17. Nh4) 16... Bxf3 17. Qxf3 f5 18. Qg3 {Hoping for h6.} Kf8 19. Bf4 c6 (19... h6 $16 20. d5 c6) 20. Rfe1 h6 21. Qe3 Ng8 22. Qa3+ $1 Ne7 23. Qxa7 Kg8 24. Qa3 Rxd4 25. Rxd4 Bxd4 26. Bxh6 c5 27. Qg3+ Kh7 28. Bc1 Rg8 {[%cal Be8g8,Bg8g4,Bg4h4][%mdl 32]} 29. Qf3 ({White should play} 29. Qf4 $16 {[%csl Gc1][%cal Rf4h6]} Qf8 30. Qc7) 29... Nc6 $11 {[%cal Be7c6,Bc6e5,Be5c4][%mdl 32]} 30. Kf1 {And now Qf4 would win.} Ne5 31. Qf4 {[#]} (31. Rxe5 $11 Bxe5 32. g4) 31... Rg4 $1 $17 {[%cal Rg4f4]} 32. Qh2 {[#] Black must now prevent f3.} Qd8 $1 33. f3 $2 ({But not} 33. Rxe5 $2 Bxe5 34. Bxf5+ (34. Qxe5 $2 Re4 $19) 34... exf5 $19) (33. Rd1 $17 {was worth a try.} Nxc4 34. b3) 33... Rh4 $19 34. Qg3 Nxc4 (34... Rxh5 35. Ke2 $19) 35. Ke2 {aiming for Bg5.} Be5 ({Resist} 35... Rxh5 36. b3 $19) 36. Qf2 $2 (36. Qg5 Qxg5 37. Bxg5) 36... Bxb2 {Black is clearly winning.} 37. Rd1 Qf6 38. Qxc5 Bxc1 39. Rxc1 Qg5 {( -> ...Qd2+)} 40. Rxc4 Qxg2+ {Precision: White = 39%, Black = 63%.} 0-1

[Event "Top 12 FRA-chT 2017"]
[Site "Chartres"]
[Date "2017.05.22"]
[Round "5"]
[White "Laznicka, Viktor"]
[Black "Navara, David"]
[Result "0-1"]
[WhiteElo "2672"]
[BlackElo "2739"]
[Annotator "TA"]
[PlyCount "78"]
[EventDate "2017.??.??"]
[EventType "team-tourn"]
[EventCountry "FRA"]
[SourceTitle "playchess.com"]
[Source "ChessBase"]
[SourceQuality "1"]
[WhiteTeam "Bois-Colombes"]
[BlackTeam "Mulhouse Philidor"]

{[%evp 14,78,-12,-15,-11,-33,-10,-10,0,-10,-9,-21,-21,-28,-28,-25,-25,-17,-16,-20,-12,-9,-13,0,0,-22,-18,-29,-35,-59,-52,-41,-40,-45,-48,-41,-39,-48,-18,-18,-21,-18,-20,-25,-14,-15,-15,-22,-2,-2,0,-90,-82,-84,-56,-273,-254,-360,-345,-494,-494,-424,-526,-968,-960,-1188,-1103]} 1. Nf3 c5 2. g3 g6 3. Bg2 Bg7 4. d4 cxd4 5. Nxd4 Nc6 6. Nb3 d6 7. O-O h5 {A04: Unusual lines after 1 Nf3 and King's Indian Attack} 8. h4 {LiveBook: 4 Games} (8. h3 Be6 9. e4 Qd7 10. Kh2 f5 11. exf5 gxf5 12. N1d2 h4 13. gxh4 Nf6 14. Nf3 Ne4 15. Bg5 {½-½ (37) Van Wely,L (2640)-Navara,D (2730) Wijk aan Zee 2016}) 8... Be6 9. N1d2 Qd7 $146 {Black is slightly better.} ({Predecessor:} 9... a5 10. Nf3 a4 11. Nbd4 Bd7 12. c4 Nf6 13. Rb1 O-O 14. b3 axb3 15. axb3 {1-0 (41) Miralles,G (2475)-Summermatter,D (2335) Switzerland 1993}) 10. Nf3 Bh3 11. Bxh3 Qxh3 12. Qd5 (12. Ng5 $5 {[%cal Rg5h3]} Qd7 13. c3 $11) 12... Qd7 13. Rd1 Nf6 14. Qd3 O-O 15. Bg5 a5 {[%cal Ba7a5,Ba5a4][%mdl 32]} 16. Bxf6 Bxf6 17. c3 a4 18. Nbd4 Rfc8 19. Rac1 Na5 20. e4 Nc4 21. Qc2 b5 22. b3 Ne5 23. Nxe5 Bxe5 24. Qd3 Rc5 25. Nf3 {[#] Hoping for b4.} Bg7 26. e5 Rac8 ({Don't blunder} 26... Bxe5 $2 27. b4 $18) 27. exd6 Rxc3 28. Rxc3 Rxc3 29. Qd5 exd6 30. Ng5 Rc2 31. bxa4 bxa4 32. Rb1 (32. Qa8+ $1 $11 {keeps the balance.} Qc8 33. Qa7) 32... Qf5 $17 33. Rb8+ Bf8 34. Qd4 $2 (34. Qxf5 $15 gxf5 35. a3) 34... Qe5 $40 {[%mdl 128] Black attacks with force.} 35. Qa7 (35. Qxe5 $142 dxe5 36. a3) 35... Qd5 {[#] ( -> ...Rc1+)} 36. Rb1 (36. Qe3 $142 Qd1+ 37. Kh2) 36... Rxa2 {Black is clearly winning.} 37. Rc1 a3 38. Kh2 Rb2 39. Rc3 Rb1 {Precision: White = 44%, Black = 83%.} 0-1

[Event "Top 12 FRA-chT 2017"]
[Site "Chartres"]
[Date "2017.05.22"]
[Round "5"]
[White "Fressinet, Laurent"]
[Black "Heinz, Timothee"]
[Result "1/2-1/2"]
[WhiteElo "2668"]
[BlackElo "2353"]
[Annotator "TA"]
[PlyCount "168"]
[EventDate "2017.??.??"]
[EventType "team-tourn"]
[EventCountry "FRA"]
[SourceTitle "playchess.com"]
[Source "ChessBase"]
[SourceQuality "1"]
[WhiteTeam "Clichy"]
[BlackTeam "Strasbourg"]

{[%evp 20,168,13,14,16,8,14,14,15,12,19,21,32,29,25,25,25,25,34,30,33,15,16,16,33,18,35,20,21,23,30,13,21,20,31,20,42,25,87,2,7,5,12,0,35,35,45,42,93,99,94,97,97,89,129,129,129,129,129,129,129,129,129,129,129,129,129,118,118,118,118,118,118,118,118,118,118,118,118,118,118,118,118,118,118,118,118,118,118,118,118,118,118,118,118,0,118,118,118,118,118,118,118,118,118,118,118,118,118,118,118,118,118,118,118,118,118,118,120,129,128,97,97,81,81,0,97,97,97,97,97,30,30,30,30,30,88,110,117,117,117,117,117,0,0,0,0,0,0,0,0]} 1. Nf3 d5 2. c4 e6 3. d4 Nf6 4. Bg5 Be7 5. e3 h6 6. Bh4 O-O 7. Nc3 Ne4 8. Bxe7 Qxe7 9. Rc1 c6 10. Qc2 Nxc3 11. Qxc3 Nd7 {D56: Queen's Gambit Declined: Lasker Defence} 12. Be2 dxc4 13. Qxc4 e5 14. O-O exd4 15. Nxd4 Nb6 {[#]} 16. Qb3 $146 ({Predecessor:} 16. Qc3 Nd5 17. Qb3 a5 18. a3 a4 19. Qc4 Nb6 20. Qc3 Nd5 21. Qc4 Nb6 22. Qc3 Nd5 23. Qc4 {½-½ (23) Tomashevsky,E (2731)-Aronian,L (2795) Moscow 2016}) 16... Re8 17. Rfd1 Be6 18. Nxe6 Qxe6 19. Qa3 Qe7 20. Qc3 Nd5 21. Qd4 Qe5 22. b4 Qxd4 23. Rxd4 Nb6 24. Rcd1 Kf8 25. Bf3 Re7 26. h4 Ke8 27. Kf1 Rc7 28. g4 $36 {[%mdl 2048] White fights for an advantage.} a5 (28... a6 $11) 29. a3 (29. bxa5 $16 Nd7 30. Re4+ Kf8 31. Ra4) 29... axb4 $11 30. axb4 Rd7 31. b5 Rc8 32. bxc6 bxc6 33. Re4+ Kd8 (33... Re7 $14) 34. Rb1 $16 Nd5 {[#] Strongly threatening ...Nc3.} 35. Rc4 g5 36. Rbc1 Rdc7 37. Rc5 f6 38. Bxd5 cxd5 39. Rxd5+ Ke8 40. Rxc7 Rxc7 {[%mdl 4096] Endgame KR-KR} 41. h5 Ke7 42. Ke2 Rc4 43. f3 Rc3 44. Kd2 Ra3 45. Rc5 Kf7 46. Rc7+ Kg8 47. Rc3 Ra5 48. Rc8+ Kf7 49. Rc7+ Kg8 50. Rc6 Kf7 51. Kd3 Rd5+ 52. Ke2 Rd7 53. Rc4 Kg7 54. Rd4 Re7 55. Rd3 Ra7 56. Rb3 Rd7 57. Rd3 Ra7 $1 58. Rd8 Ra3 59. Rd7+ Kg8 60. Kd2 Ra5 61. Kd3 Ra4 62. Rb7 Ra5 63. Kd4 Re5 64. Rc7 Re6 65. Rd7 Re5 66. Rb7 Re6 67. Rb3 Re5 68. Rc3 Kf7 69. Rc7+ Kg8 70. e4 Ra5 71. Rc5 Ra3 {[#]} 72. Rc3 (72. Rf5 $1 $16 {[%cal Rf5f6]} Kg7 73. Kd5) 72... Ra5 (72... Rxc3 $11 {keeps the balance.} 73. Kxc3 Kf7) 73. Ke3 Kf7 74. Rb3 Kg7 75. f4 (75. Rb7+ $16 Kg8 76. Kf2) 75... gxf4+ $11 76. Kxf4 Ra7 77. Rb5 Re7 (77... Kf7 $11 {remains equal.}) 78. Rd5 Kf7 79. Kf5 Kg7 80. Rc5 Kf7 81. g5 ({White should play} 81. Rb5 $16) 81... hxg5 {[%cal Bh6g5,Bg5g4][%mdl 32] The position is equal.} 82. h6 g4 $1 83. Rc8 {Black must now prevent h7.} Re5+ 84. Kf4 {Threatens to win with h7.} Rh5 {Precision: White = 59%, Black = 69%.} 1/2-1/2

[Event "Top 12 FRA-chT 2017"]
[Site "Chartres"]
[Date "2017.05.22"]
[Round "5"]
[White "Edouard, Romain"]
[Black "Savina, Anastasia"]
[Result "1-0"]
[WhiteElo "2640"]
[BlackElo "2364"]
[Annotator "TA"]
[PlyCount "91"]
[EventDate "2017.??.??"]
[EventType "team-tourn"]
[EventCountry "FRA"]
[SourceTitle "playchess.com"]
[Source "ChessBase"]
[SourceQuality "1"]
[WhiteTeam "Bischwiller"]
[BlackTeam "Vandoeuvre"]

{[%evp 11,91,10,9,-57,-58,-51,-40,-33,-38,-83,-52,-87,-68,-110,-143,-139,10,-6,0,-55,-51,-76,-81,-117,-54,-58,-51,-58,-58,-58,-53,-53,-49,-58,-57,-73,-81,-86,-87,-109,-97,-106,-92,-98,-57,-150,-131,-188,-189,-227,-210,-199,-196,-195,-93,-131,-111,-145,-103,-145,-59,-75,-64,-97,-40,-63,-67,-67,-63,-65,165,166,453,441,789,789,778,784,726,661,929,925]} 1. e4 d6 2. d4 Nf6 3. Nc3 e5 4. Nf3 Nbd7 5. g4 h6 (5... Nxg4 6. Rg1 exd4 7. Nxd4 Ngf6 8. Be3 Ne5 9. Be2 h5 10. Qd2 Nfg4 11. Bf4 c5 12. Nf5 Bxf5 13. exf5 {0-1 (46) Vachier Lagrave,M (2803)-Jobava,B (2701) chess.com INT 2017}) 6. Rg1 {C41: Philidor Defence} c6 {LiveBook: 9 Games} 7. g5 ({White should try} 7. Be3 $11) 7... hxg5 $15 8. Nxg5 $146 {Black is slightly better.} ({Predecessor:} 8. Bxg5 Qb6 9. a3 exd4 10. Nxd4 Ne5 11. Be2 Bg4 12. Bxf6 Bxe2 13. Qxe2 Qxb2 {0-1 (20) Plenca,J (2351)-Janzelj,T (2287) Ljubljana 2013}) 8... exd4 $1 9. Qxd4 Qb6 10. Qd2 Rxh2 11. Qf4 Rh8 12. Bc4 Ne5 13. Bb3 Bg4 (13... Nfg4 $1 $17 14. Bxf7+ Kd8 15. Ne6+ Bxe6 16. Bxe6 Nh2) 14. Be3 $132 {[%mdl 2048] White is not keeping still} Qc7 15. Bd4 ({Better is} 15. f3 $11 Bh5 16. O-O-O) 15... O-O-O $15 16. f3 c5 17. Bf2 {[#]} Rh5 (17... d5 $1 $17 {[%mdl 512]} 18. Kf1 (18. Bxd5 Nd3+) 18... Nxf3 19. Qxc7+ Kxc7 20. Nxf7 Rh3 21. Nxd8 Nxg1 22. Bxg1 Kxd8 23. Bxd5 Nxd5 24. Nxd5 Bd6) 18. fxg4 Rxg5 $1 19. Bh4 Rxg4 20. Rxg4 Nexg4 21. Nd5 Qd7 22. O-O-O {[%cal Rh4f6]} Nxd5 23. Bxd5 f6 24. Qd2 Kb8 25. Re1 g6 26. Kb1 Bh6 27. Qc3 Rf8 28. a3 {[#]} (28. Bg3 $15) 28... Bf4 $1 $17 29. Qb3 (29. Bg3 $17 {was necessary.} Bxg3 30. Qxg3) 29... Ne5 $19 30. Bg3 Bxg3 31. Qxg3 Rh8 32. Rf1 Qh3 (32... Qe7 $19 {has better winning chances.} 33. Qf2 g5 34. Qxf6 Qxf6 35. Rxf6 g4) 33. Qf2 Rf8 34. Rg1 Qh7 35. Rg3 f5 ({Black should play} 35... Qh4 $17 {Threatens to win with ...g5.} 36. Bxb7 Qh1+ 37. Rg1 Qf3 38. Qxf3 Nxf3) 36. Rb3 b6 37. a4 Kc7 (37... Qd7 $17 38. a5 b5 39. exf5 Rxf5) 38. Qf1 Nc6 {And now ...Nb4 would win.} 39. Rh3 Qd7 40. Qh1 $1 {Strongly threatening Rh7.} Re8 $2 (40... fxe4 $15 {keeps the upper hand.} 41. Bxe4 Ne5) 41. exf5 $18 {Hoping for Bxc6.} Ne7 $2 (41... Nb4) 42. Bf7 {White is clearly winning.} gxf5 (42... Rf8 $142) 43. Bxe8 Qxe8 44. Rh7 Qf8 45. Qd5 Kd7 46. Rf7 {Precision: White = 47%, Black = 41%.} 1-0

[Event "Top 12 FRA-chT 2017"]
[Site "Chartres"]
[Date "2017.05.22"]
[Round "5"]
[White "Piorun, Kacper"]
[Black "Kryvoruchko, Yuriy"]
[Result "1-0"]
[WhiteElo "2638"]
[BlackElo "2714"]
[Annotator "TA"]
[PlyCount "99"]
[EventDate "2017.??.??"]
[EventType "team-tourn"]
[EventCountry "FRA"]
[SourceTitle "playchess.com"]
[Source "ChessBase"]
[SourceQuality "1"]
[WhiteTeam "Tremblay-En-France"]
[BlackTeam "Grasse Echecs"]

{[%evp 22,99,23,12,20,25,24,25,25,9,18,11,14,7,18,7,21,12,12,12,28,24,37,27,57,33,54,58,48,52,53,54,82,90,80,61,88,88,91,42,74,68,75,72,71,65,69,69,74,65,78,66,119,107,160,106,175,162,158,158,277,277,286,280,279,279,273,286,285,283,276,261,277,270,343,333,775,752,1137,1108]} 1. e4 e5 2. Nf3 Nc6 3. Bb5 Nf6 4. O-O Nxe4 5. Re1 Nd6 6. Nxe5 Be7 {[%cal Bf8e7,Be7f6,Bf6d4][%mdl 32]} 7. Bf1 Nxe5 8. Rxe5 O-O 9. d4 Bf6 10. Re1 Re8 {C67: Ruy Lopez: Berlin Defence: 4 0-0 Nxe4} 11. Bf4 (11. c3 Rxe1 12. Qxe1 Ne8 13. Bf4 d5 14. Bd3 g6 15. Nd2 c6 16. Nf3 Ng7 17. Qe2 Bf5 18. Bxf5 Nxf5 {½-½ (64) Topalov,V (2741)-So,W (2822) Shamkir 2017}) 11... Rxe1 12. Qxe1 {LiveBook: 37 Games} Bxd4 {The position is equal.} 13. Bxd6 cxd6 14. Nc3 Be5 15. Nd5 b6 ({Reject} 15... Bxb2 16. Rd1 $14) (15... b5 $5) 16. c3 Bb7 17. Rd1 Bc6 $146 ({Predecessor:} 17... g6 18. g3 {1-0 (55) Palladino,M (1980)-Mercorelli,P (1971) ICCF email 2014}) 18. g3 b5 19. Bg2 (19. f4 $5 {[%cal Rf4e5]} Bf6 20. Qd2 $11) 19... Rb8 20. Qd2 (20. Nb4 $5 {[%cal Rg2c6]} Qb6 21. Kh1 $11) 20... Bxd5 21. Bxd5 a5 22. a3 {[%mdl 1024] White has compensation.} Qb6 23. Qg5 Re8 24. Qf5 Re7 25. Rd3 g6 26. Qg5 Kf8 27. Qh6+ Kg8 28. h4 Qd8 29. Kg2 Qf8 30. Qg5 (30. Qd2 {is interesting.} Qe8 31. h5 Kg7 32. Bf3 Qc8 33. Bd1) 30... Kh8 31. h5 Bg7 32. Bf3 Re5 33. Qd2 gxh5 34. Rxd6 h4 35. gxh4 Bf6 36. Kf1 Re6 ({Better is} 36... Bxh4 $14 37. Qd4 (37. Rxd7 Qc5 $14) 37... Qe7) 37. Rxd7 $16 Bxh4 (37... Qc5 $142) 38. Qf4 ({White should try} 38. Bd5 Rd6 39. Qd4+ Bf6 40. Qc5) 38... Be7 (38... Qh6 $16 39. Qxf7 Be7) 39. Ra7 Bd6 40. Rxf7 $40 {[%mdl 128] White goes for the king.} Qe8 (40... Qg7 $16 41. Qf5 (41. Rxg7 Bxf4 42. Rb7 Re5 $18) 41... Qg6 42. Qxg6 Rxg6) 41. Qd4+ $18 Be5 {[#]} 42. Qa7 $1 {[%csl LRa5,LRh7]} Kg8 43. Bh5 ({And not} 43. Rxh7 Bd4 $11) 43... Qc8 44. Rxh7 {[%csl Gh5,Gh7][%cal Ra7f7]} Qc4+ 45. Be2 {[%csl Gh7][%cal Ra7f7]} Qf4 {[#] Strongly threatening ...Qc1+.} 46. Rd7 $1 Re8 47. Qb7 Qf5 48. Qd5+ Kh8 $2 (48... Kf8 49. Qc5+ Kg8) 49. Bg4 Qb1+ 50. Bd1 {Precision: White = 66%, Black = 44%.} 1-0

[Event "Top 12 FRA-chT 2017"]
[Site "Chartres"]
[Date "2017.05.22"]
[Round "5"]
[White "Maze, Sebastien"]
[Black "Solodovnichenko, Yuri"]
[Result "1-0"]
[WhiteElo "2619"]
[BlackElo "2576"]
[Annotator "TA"]
[PlyCount "99"]
[EventDate "2017.??.??"]
[EventType "team-tourn"]
[EventCountry "FRA"]
[SourceTitle "playchess.com"]
[Source "ChessBase"]
[SourceQuality "1"]
[WhiteTeam "Bischwiller"]
[BlackTeam "Vandoeuvre"]

{[%evp 11,99,25,52,14,29,20,18,-15,-4,-16,-14,-1,-7,-50,-24,-51,183,168,181,171,350,358,386,387,368,385,379,372,373,394,389,352,405,397,440,440,440,440,442,432,418,430,400,321,348,317,344,348,340,332,577,407,1627,353,512,560,521,338,983,355,982,944,891,662,29952,6223,2658,1780,29973,29974,29974,29975,29975,29976,29976,29977,29977,29978,29979,29980,29974,829,29979,29980,29975,29966,29964,29961,29979,29980]} 1. d4 {[%cal Bd2d4,Bd4d5][%mdl 32]} Nf6 2. Nf3 c5 3. d5 b5 4. Bg5 Qb6 5. Bxf6 Qxf6 6. c3 d6 7. e4 {A43: Schmid Benoni} a6 $1 8. Nbd2 g5 {[%cal Bg7g5,Bg5g4][%mdl 32]} 9. a4 {The position is equal.} g4 10. Ng1 b4 11. cxb4 cxb4 12. Nc4 {[%cal Bd2c4,Bc4b6,Bb6c8,Bc8a7,Ba7c6][%mdl 32] Strongly threatening Nb6.} (12. Rc1 $5 {[%cal Rc1c8]} Nd7 13. Qc2 $15) 12... Nd7 13. Bd3 {[#]} Ne5 $146 {[#]} (13... h5 $15 {stays ahead.}) ({Predecessor:} 13... h5 14. Ne2 h4 {0-1 (57) Pakleza,Z (2517)-Shimanov,A (2593) Las Vegas 2015}) 14. Nb6 $1 $18 {[%cal Rb6a8]} Nxd3+ 15. Qxd3 Qxb2 $2 (15... Rb8 {might work better.}) 16. Rb1 Qa3 17. Qc4 {Hoping for Qc6+.} ({Not} 17. Qxa3 bxa3 18. Nxa8 Bg7 $14) 17... Rb8 {White should prevent ...Qc3+.} 18. Nxc8 Qxa4 19. Na7 Bg7 20. Ne2 O-O 21. O-O a5 22. Nd4 Bxd4 23. Qxd4 Qd7 24. Nc6 Rb5 25. Rfc1 Ra8 26. Qd3 Rb7 27. h3 Kh8 28. Kh2 f6 29. Rb3 gxh3 30. gxh3 Qc7 $2 (30... e5 {is a better defense.} 31. Ra1 Qg7 32. Nxa5 (32. Rxa5 Rg8 $18) 32... Rf7) 31. Rg1 e5 (31... a4 $142) 32. Qd2 $2 (32. dxe6 d5+ 33. e5 Qxc6 34. Qf5) 32... a4 (32... Qf7 {was worth a try.} 33. Rf3 Qf8) 33. Rxb4 Rxb4 34. Nxb4 Rg8 $2 (34... a3 35. Qe3 Qf7) 35. Rxg8+ Kxg8 36. Nc6 Qb6 37. Kg2 a3 38. Qh6 {[#] Intending Ne7+ and mate.} Qc7 39. Qxf6 {White threatens Ne7+ and mate.} a2 40. Ne7+ Qxe7 41. Qxe7 a1=Q 42. Qxd6 {[%mdl 4096] Endgame KQ-KQ} Qd4 43. Qe6+ Kg7 44. Qf5 Kg8 45. h4 {[%cal Bh3h4,Bh4h5][%mdl 32]} Kg7 46. Qg4+ (46. h5 $142 Qd1 47. Qg5+ Kf8 48. h6 Qe2 49. Qg7+ Ke8 50. Qh8+ Kd7 51. Qxh7+ Kd6 52. Qg6+ Kc5 53. h7) 46... Kh8 47. h5 {White mates.} Qc5 48. Qf5 Qe7 49. Kh3 Kg7 50. Kg4 {Precision: White = 70%, Black = 29%.} 1-0